00398cam a2200157ua 4500001000400000008003900004040000900043082001100052245003800063250000900101260003800110300001700148653002300165653001600188700003600204506110407n ii |||gr||||Z||||||eng cMAIN a323.44 aOn liberty.cBy John Stuart Mill. a1st. aBombay.:bPopular prakashan.,967. a149 p.:5 cm. aPolitical science. aOn liberty.1 aMill, John Stuart.,d1806-1873,